000 00369 a2200109 4500
001 ART_5694
005 20260410161617.0
008 260409a
245 1 0 _aSOX: Auditoría de acuerdo con la Norma del AICPA SAS 70 en relación a las Organizaciones de Servicios
100 1 _aChalupowicz, Daniel
773 0 _tEnfoques
_g- Nº 10 (oct. 2006)
_wREV416
999 _c11186
_d11186